000 02677nab a2200313 a 4500
005 20250815110751.0
008 991125c2015 sp fr p o 000 0 spa d
035 _aUPN01000208709
040 _aMX-MxUPN
_bspa
_cMX-MxUPN
_eaacr2
049 _aART-E
100 1 _aBalaguer Solá, Isabel
100 1 _uabel.Balaguer@uv.es
100 1 _aCastillo Fernández, Isabel
100 1 _aRódenas Cuenca, Luis Tomás
100 1 _aFabra López, Priscila
100 1 _aDuda, Joan L.
245 1 4 _aLos entrenadores como promotores de la cohesión del equipo
506 0 _aAcceso abierto
520 3 _aEl objetivo del presente trabajo fue triple: 1) Estudiar las relaciones entre el clima motivacional percibido creado por el entrenador y la cohesión, 2) Poner a prueba un modelo con la siguiente secuencia: dimensiones del clima motivacional percibido  motivación autodeterminada  dimensiones de la cohesión, y 3) Estudiar el papel mediador de la motivación autodeterminada entre el clima motivacional percibido y la cohesión. Ochocientos nueve jóvenes jugadores de fútbol (798 chicos y 11 chicas; M = 11.49, DT = 1.16) completaron un paquete de cuestionarios en los que se evaluaban las variables de interés al principio de la temporada. Las correlaciones bivariadas informaron de relaciones positivas entre la percepción del clima de implicación en la tarea y ambas dimensiones de cohesión (tarea y social), mientras que el clima de implicación en el ego presentó correlaciones negativas con la cohesión de tarea. Los resultados del modelo de ecuaciones estructurales informaron que el clima-tarea se asoció positivamente con la motivación autodeterminada, mientras que el clima-ego lo hizo en sentido negativo. La motivación autodeterminada se relacionó de forma positiva tanto con la cohesión de tarea como con la cohesión social. Finalmente, la motivación autodeterminada actuó como mediador parcial entre el clima de implicación en la tarea y ambas dimensiones de la cohesión, y de mediador total entre el clima de implicación en el ego y la cohesión (tarea y social). Se enfatizan las implicaciones de las conductas de los entrenadores para la construcción de la cohesión en los equipos y para el desarrollo de la calidad de la motivación.
650 0 _aAdolescentes
_91014
650 2 _aFutbol (Soccer)
_917143
653 0 _aClima motivacional
653 0 _aCalidad de la motivación
773 _gVol. 15, no. 1 (2015), p. 233-242
_tCuadernos de psicología del deporte
_x1989-5879
856 4 _uhttps://revistas.um.es/cpd/article/view/223441
902 _aGloria Jiménez/150825
905 _aArticulo
942 _cART-E
999 _c180810
_d180810